000 00713nam a2200289Ia 4500
005 20260324124106.0
008 008 260324s9999 xx 000 0 eng d
020 _a9780203815465
037 _aEBOOK
040 _aCRL
040 _beng
040 _cCRL
041 _2eng
041 _aeng
084 _qCRL
100 _aJanet Marstine
_91172810
245 4 _aThe Routledge Companion to Museum Ethics
245 0 _bRedefining Ethics for the Twenty-First Century Museum
260 _bTaylor and Francis
260 _c2011
365 _a
365 _b300
856 _uhttp://www.taylorfrancis.com/books/9780203815465
942 _cEBOOK
999 _c1766918
_d1766918